Top 25 Trading Partners - Côte d'Ivoire - Statistics

General Stats
  • This quiz has been taken 40 times
  • The average score is 40 of 50
Answer Stats
Hint Answer % Correct
5th Place: 639 France
100%
3rd Place: 1,130 France
100%
2nd Place: 1,081 United States of America
97%
6th Place: 371 United States of America
97%
20th Place: 178 China
94%
1st Place: 1,641 China
94%
22nd Place: 133 Russia
94%
12th Place: 353 Ghana
92%
13th Place: 237 Japan
92%
18th Place: 200 Nigeria
92%
2nd Place: 1,349 Nigeria
92%
15th Place: 281 United Kingdom
92%
15th Place: 202 United Kingdom
92%
19th Place: 181 Italy
89%
12th Place: 247 Italy
89%
7th Place: 571 Mali
89%
13th Place: 346 South Africa
89%
23rd Place: 124 South Africa
89%
14th Place: 285 Spain
89%
7th Place: 329 Spain
89%
23rd Place: 114 Togo
89%
20th Place: 164 Togo
89%
4th Place: 754 Germany
86%
8th Place: 323 Germany
86%
18th Place: 171 Morocco
86%
22nd Place: 118 Senegal
86%
21st Place: 134 Senegal
86%
16th Place: 262 Canada
83%
24th Place: 117 Saudi Arabia
83%
6th Place: 615 Burkina Faso
81%
8th Place: 525 India
81%
4th Place: 499 India
81%
17th Place: 207 Indonesia
75%
9th Place: 297 South Korea
75%
25th Place: 111 Poland
72%
11th Place: 428 Switzerland
72%
10th Place: 440 Belgium
69%
14th Place: 235 Belgium
69%
1st Place: 1,352 Netherlands
69%
5th Place: 400 Netherlands
69%
11th Place: 253 Thailand
67%
21st Place: 162 Turkey
67%
16th Place: 185 Turkey
67%
3rd Place: 801 Vietnam
67%
17th Place: 181 Vietnam
67%
9th Place: 458 Malaysia
53%
25th Place: 110 Malaysia
53%
10th Place: 262 Colombia
44%
19th Place: 164 Mauritania
44%
24th Place: 113 Estonia
6%
No matching quizzes found
Score Distribution
Percent of People with Each Score
Percentile by Number Answered
Your Score History
You have not taken this quiz